Of more than academic interest (Record no. 104686)

MARC details
000 -LEADER
fixed length control field 01076cab a2200181 4500
001 - CONTROL NUMBER
control field ##L131215
008 - FIXED-LENGTH DATA ELEMENTS--GENERAL INFORMATION
fixed length control field 050727n2005 000 0 eng u
035 ## - SYSTEM CONTROL NUMBER
System control number (Sirsi) u131215
041 0# - LANGUAGE CODE
Language code of text/sound track or separate title eng
100 1# - MAIN ENTRY--PERSONAL NAME
Personal name Pullan, James
245 00 - TITLE STATEMENT
Title Of more than academic interest
260 ## - PUBLICATION, DISTRIBUTION, ETC.
Date of publication, distribution, etc. 2005
490 #0 - SERIES STATEMENT
Series statement Property Forecast
Volume/sequential designation 8(9) September 2005, 2-3(2)
520 ## - SUMMARY, ETC.
Summary, etc. Looks at the growth of purpose built commercial halls of residence for students. With a fall in the amount of university owned student accommodation, an increase in student numbers, and new legislation affecting traditional student shared housing, there has been an increase in the number of commercially operated beds within purpose built student halls of residence. As a result the author claims that the student accommodation sector has become an asset class in its own right. Tables and graphs outline growth in student population and student market saturation in main UK university cities.
590 ## - LOCAL NOTE (RLIN)
Local note IKA111005
690 ## - LOCAL SUBJECT ADDED ENTRY--TOPICAL TERM (OCLC, RLIN)
Topical term or geographic name as entry element PROPERTY-RESIDENTIAL PROPERTY-COMMUNAL RESIDENTIAL PROPERTY
942 ## - ADDED ENTRY ELEMENTS (KOHA)
Suppress in OPAC 0
Holdings
Withdrawn status Lost status Source of classification or shelving scheme Damaged status Not for loan Home library Current library Shelving location Date acquired Total Checkouts Full call number Barcode Date last seen Copy number Price effective from Koha item type
    Dewey Decimal Classification     London London Journal article 07/10/2005   L131215 131215-1001 06/08/2019 1 06/08/2019 Journal article